000
00194 a2200097 4500
001
3613
100
_a
Bible society
245
_a
Holy pible the
260
_a
_b
B.F.B.S
_c
090
_c
2877
_d
2877
942
_a
NUST-CAE
_c
M
_c
20857
999
_c
238686
_d
238686